Music Quiz

Random Music or Billboard Quiz

Number One Hits of 2002 Quiz Stats

Quiz not verified by Sporcle

Also try: Pink Floyd Songs
Challenge
Share
Tweet
Embed
Score 0/10 Timer 04:00
0 Plays Today
Artist Number One Hit % Correct
EminemLose Yourself
81.5%
Nelly feat. Kelly RowlandDilemma
74.1%
Nelly feat. Kelly RowlandDilemma
74.1%
NickelbackHow You Remind Me
70.4%
Kelly ClarksonA Moment Like This
70.4%
NellyHot in Herre
63%
Ja Rule feat. AshantiAlways on Time
59.3%
AshantiFoolish
59.3%
Jennifer Lopez feat. Ja RuleAin't It Funny
48.1%
UsherU Got It Bad
40.7%

You're not logged in!

Compare scores with friends on all Sporcle quizzes.
Sign Up with Email
OR
Log In

You Might Also Like...

Show Comments

Extras

Top Quizzes Today


Score Distribution

Your Account Isn't Verified!

In order to create a playlist on Sporcle, you need to verify the email address you used during registration. Go to your Sporcle Settings to finish the process.